000 00744cam a2200241 4500
001 4570868
008 740823s1974 nyu b 001 0 eng
010 _a 74075422
020 _a0679302522
040 _aDLC
_cCUZ
_dCUZ
_beng
_erda
050 0 0 _aHM51
_bWEI
100 1 _aWeinstein, Deena.
245 1 0 _aLiving sociology;
_ba critical introduction
_c[by] Deena Weinstein [and] Michael A. Weinstein.
264 _aNew York,
_bMcKay
_c[1974]
300 _axix, 488 pages.
_c23 cm.
336 _atext
_btxt
337 _aunmediated
_bn
338 _2rdacarrier
650 0 _aSociology.
942 _cOS
999 _c44695
_d44695